[Event "BCF-chT3S 1617 (4NCL) Demotion pool"]
[Site "England"]
[Date "2017.04.30"]
[Round "10.65"]
[White "Blackie, Neville J"]
[Black "Doklestic, Igor"]
[Result "1-0"]
[WhiteElo "2103"]
[BlackElo "1931"]
[PlyCount "75"]
[EventDate "2016.11.26"]
[EventType "team-tourn"]
[EventRounds "11"]
[EventCountry "ENG"]
[SourceTitle "EXT 2019"]
[Source "ChessBase"]
[SourceDate "2018.10.10"]
[SourceVersion "1"]
[SourceVersionDate "2018.10.10"]
[SourceQuality "1"]
[WhiteTeam "Cambridge University II"]
[BlackTeam "Rhyfelwyr Essyllwg"]
[WhiteTeamCountry "ENG"]
[BlackTeamCountry "WLS"]

1. e4 c5 2. Nf3 Nc6 3. Bb5 e6 4. c3 Nge7 5. 0-0 a6 6. Ba4 d5 7. exd5 Nxd5 8. d4 b5 9. Bb3 c4 10. Bc2 Bb7 11. Qe2 Qc7 12. b3 Na5 13. Ne5 Bd6 14. Bd2 cxb3 15. axb3 Nc6 16. Nf3 Bf4 17. c4 bxc4 18. bxc4 Nf6 19. d5 Nd8 20. Ba5 Qe7 21. Ba4+ Kf8 22. Re1 Bc7 23. Bc3 Kg8 24. Nbd2 h5 25. Ne4 Rh6 26. Nxf6+ gxf6 27. Bc2 e5 28. Nh4 Bc8 29. Qe3 Rh8 30. c5 Bb8 31. Bf5 Bb7 32. c6 Nxc6 33. dxc6 Bxc6 34. Be4 Bxe4 35. Qxe4 Ra7 36. Nf5 Qe6 37. Bb4 h4 38. Qg4+ 1-0

[Event "BCF-chT3Sa 1617 (4NCL)"]
[Site "England"]
[Date "2017.01.14"]
[Round "3.16"]
[White "Rabbitt, Michael"]
[Black "Doklestic, Igor"]
[Result "0-1"]
[WhiteElo "2033"]
[BlackElo "1890"]
[PlyCount "102"]
[EventDate "2016.11.26"]
[EventType "team-tourn"]
[EventRounds "11"]
[EventCountry "ENG"]
[SourceTitle "EXT 2019"]
[Source "ChessBase"]
[SourceDate "2018.10.10"]
[SourceVersion "1"]
[SourceVersionDate "2018.10.10"]
[SourceQuality "1"]
[WhiteTeam "Brown Jack"]
[BlackTeam "Rhyfelwyr Essyllwg"]
[WhiteTeamCountry "ENG"]
[BlackTeamCountry "WLS"]

1. e4 c5 2. Nf3 e6 3. d4 cxd4 4. Nxd4 a6 5. Bd3 Qc7 6. 0-0 Nf6 7. Bg5 Be7 8. Nc3 Nc6 9. Nb3 b5 10. f4 d6 11. a4 b4 12. Ne2 Ng4 13. Bxe7 Nxe7 14. Qe1 Nc6 15. Qg3 f5 16. exf5 exf5 17. Kh1 0-0 18. Rfe1 Qa7 19. Bc4+ Kh8 20. h3 Nf2+ 21. Kh2 Ne4 22. Qd3 Ne7 23. Qd4 Qc7 24. a5 Bb7 25. Bd3 Nd5 26. g3 Rac8 27. Ng1 Ndf6 28. Qxb4 Nh5 29. Ne2 Nc5 30. Ned4 Nxd3 31. cxd3 Qf7 32. Qxd6 Bd5 33. Re7 Qg8 34. Nc5 Rfd8 35. Nd7 Ba8 36. Qe5 Re8 37. Re1 Rxe7 38. Qxe7 h6 39. Qe5 Qa2 40. Re2 Qb1 41. Qe8+ Rxe8 42. Rxe8+ Kh7 43. Nf8+ Kg8 44. Nfe6+ Kf7 45. Rxa8 Qxb2+ 46. Kg1 Qc1+ 47. Kg2 Qd2+ 48. Kg1 Qe1+ 49. Kg2 Qxg3+ 50. Kf1 Qxd3+ 51. Ke1 Qe4+ 0-1

[Event "BCF-chT3Sa 1516 (4NCL)"]
[Site "England"]
[Date "2015.11.15"]
[Round "2.60"]
[White "Doklestic, Igor"]
[Black "Bourne, Iain"]
[Result "1-0"]
[WhiteElo "1952"]
[BlackElo "1997"]
[PlyCount "73"]
[EventDate "2015.11.14"]
[EventType "team-swiss"]
[EventRounds "7"]
[EventCountry "ENG"]
[SourceTitle "CBM 169 Extra"]
[Source "ChessBase"]
[SourceDate "2015.12.18"]
[SourceVersion "1"]
[SourceVersionDate "2015.12.18"]
[SourceQuality "1"]

1. e4 c5 2. Nc3 g6 3. g3 Bg7 4. Bg2 Nc6 5. d3 Rb8 6. Be3 d6 7. a4 a6 8. h3 b5 9. axb5 axb5 10. Qd2 b4 11. Nd1 e6 12. f4 Nge7 13. Nf3 Nd4 14. 0-0 b3 15. c3 Nc2 16. Rc1 Nxe3 17. Nxe3 0-0 18. d4 cxd4 19. Nxd4 f5 20. exf5 gxf5 21. Kh2 e5 22. Ne2 Ba6 23. Nd5 Kh8 24. Rcd1 Nxd5 25. Bxd5 Qf6 26. Rf2 Bxe2 27. Qxe2 Rb6 28. Ra1 Rfb8 29. Ra7 Rf8 30. Qc4 Qd8 31. Rf1 Bh6 32. Rfa1 exf4 33. gxf4 Qf6 34. Re1 Qh4 35. Qd4+ Rf6 36. Re8+ Bf8 37. Rxf8# 1-0

[Event "BCF-chT3Sa 1516 (4NCL)"]
[Site "England"]
[Date "2015.11.14"]
[Round "1.60"]
[White "Richardt, Mike"]
[Black "Doklestic, Igor"]
[Result "1-0"]
[WhiteElo "2038"]
[BlackElo "1952"]
[PlyCount "66"]
[EventDate "2015.11.14"]
[EventType "team-swiss"]
[EventRounds "7"]
[EventCountry "ENG"]
[SourceTitle "CBM 169 Extra"]
[Source "ChessBase"]
[SourceDate "2015.12.18"]
[SourceVersion "1"]
[SourceVersionDate "2015.12.18"]
[SourceQuality "1"]

1. d4 d5 2. Nf3 Nf6 3. c4 c6 4. e3 Bf5 5. Nc3 dxc4 6. Bxc4 e6 7. 0-0 Nbd7 8. Qe2 Ne4 9. Nd2 Ndf6 10. f3 Nxd2 11. Bxd2 Be7 12. Rac1 0-0 13. Rfd1 Bg6 14. Be1 b5 15. Bb3 Qb6 16. Bf2 a6 17. e4 c5 18. e5 Nd7 19. d5 Bg5 20. Ra1 Rad8 21. dxe6 fxe6 22. Rd6 Qb7 23. Bxe6+ Kh8 24. Rad1 Be8 25. Qe4 Qc8 26. Qg4 Bf4 27. Bxd7 Bxd7 28. Rxd7 Bxe5 29. Rxd8 Rxd8 30. Qxc8 Rxc8 31. Rd5 Bf6 32. Bxc5 Kg8 33. Bd4 Bg5 1-0